Statistics for Solve the Secret Country #6

Click here to take the quiz!

General Stats

  • This quiz has been taken 8,764 times
  • The average score is 7 of 14

Answer Stats

HintAnswer% Correct
AAI KLNRSSri Lanka
97%
ACDE EEPRVCape Verde
82%
AAD EELNNWZNew Zealand
82%
AEHKO ORSTUSouth Korea
77%
AACII LNSTUSaint Lucia
48%
AABFIKN ORSUBurkina Faso
46%
AAAAB DIIRSUSaudi Arabia
44%
AAAEE GIN NPPUUWPapua New Guinea
42%
BCCCE EHILPRUZCzech Republic
39%
ADILLMN NOOOSSSSolomon Islands
39%
AAABDDDG IIN NOORTTTrinidad and Tobago
33%
Secret CountrySIERRA LEONE
23%
AAABDE EGH IINNNOORSVZBosnia and Herzegovina
22%
AAABDE EEII MNRRSTTUUnited Arab Emirates
22%

Score Distribution

Percentile by Number Answered

Percent of People with Each Score

Your Score History

You have not taken this quiz